000 00327 a2200109 4500
001 ART_6932
005 20260410161659.0
008 260409a
245 1 0 _aUna nota sobre regresiones con variables integradas
100 1 _aAhumada, Hildegart
773 0 _tEnsayos Económicos
_g- Nº 45 (oct. 2006)
_wREV620
999 _c15017
_d15017